000 01107cab a2200217 4500
001 ABS44513
008 090401t1991 xxu||||| |||| 00| 0 eng d
035 _a(Sirsi) u47604
041 _aeng
100 _aGoble, J.M.
245 _aShopping centres in the 1990s: the multiples` choice
260 _c1991
350 _a0
490 _aProperty Management
_v9(2) Spring 1991, 105-110(6)
520 _aThe article presents the findings of a Debenham Tewson & Chinnocks research project into retail management trends , particularly into the expression of shop location choices. The high street remains the retailer`s preference, but often space requirements can be answered only by shopping centres which dominate the shop construction sector. Important factors in the decision of location, subject to availability, are the range of fellow tenants, cost, and convenience of car parking. The conclusion points to future directions.
650 _aMULTIPLE STORES
650 _aRETAIL PROPERTY
690 _aPROPERTY-COMMERCIAL PROPERTY-COMMERCIAL PROPERTY MARKET
942 _n0
948 _c04/03/1997
999 _c30011
_d30011